Everything you want to know about teaching young children : (Record no. 2854)
[ view plain ]
| 000 -LEADER | |
|---|---|
| fixed length control field | 00950pam a2200265 a 4500 |
| 001 - CONTROL NUMBER | |
| control field | 1979113 |
| 003 - CONTROL NUMBER IDENTIFIER | |
| control field | GBCCL |
| 005 - DATE AND TIME OF LATEST TRANSACTION | |
| control field | 20241126110441.0 |
| 008 - FIXED-LENGTH DATA ELEMENTS--GENERAL INFORMATION | |
| fixed length control field | 890215s1989 caua bf 000 0 eng |
| 010 ## - | |
| -- | 89001969 |
| 020 ## - INTERNATIONAL STANDARD BOOK NUMBER | |
| International Standard Book Number | 0830712712 |
| Terms of availability | $5.95 |
| 040 ## - CATALOGING SOURCE | |
| Original cataloging agency | DLC |
| Transcribing agency | DLC |
| Modifying agency | DLC |
| 050 00 - | |
| -- | BV1475.2 |
| -- | .H39 1989 |
| 082 00 - DEWEY DECIMAL CLASSIFICATION NUMBER | |
| Classification number | 268.432 |
| Edition information | 19 |
| Item number | BOL |
| 100 1# - MAIN ENTRY--PERSONAL NAME | |
| Personal name | Bolton, Barbara |
| 9 (RLIN) | 6487 |
| 245 10 - TITLE STATEMENT | |
| Title | Everything you want to know about teaching young children : |
| Remainder of title | grades 1-6 / |
| Statement of responsibility, etc. | Babara Bolton, Charles T Smith and Wesley Haystead. |
| 260 ## - PUBLICATION, DISTRIBUTION, ETC. | |
| Place of publication, distribution, etc. | Ventura, Calif., U.S.A. : |
| Name of publisher, distributor, etc. | Gospel Light Publications, |
| Date of publication, distribution, etc. | c1987. |
| 300 ## - PHYSICAL DESCRIPTION | |
| Extent | 238 p. : |
| Other physical details | ill. ; |
| Dimensions | 21 cm. |
| 490 0# - SERIES STATEMENT | |
| Series statement | Creative Bible learning series |
| 504 ## - BIBLIOGRAPHY, ETC. NOTE | |
| Bibliography, etc. note | Includes bibliographical references (p. 232). |
| 650 #0 - SUBJECT ADDED ENTRY--TOPICAL TERM | |
| Topical term or geographic name entry element | Christian education of children |
| General subdivision | Handbooks, manuals, etc. |
| 9 (RLIN) | 5985 |
| 740 0# - | |
| -- | Teaching young children. |
| 906 ## - LOCAL DATA ELEMENT F, LDF (RLIN) | |
| a | 7 |
| b | cbc |
| c | orignew |
| d | 1 |
| e | ocip |
| f | 19 |
| g | y-gencatlg |
| 942 ## - ADDED ENTRY ELEMENTS (KOHA) | |
| Source of classification or shelving scheme | Dewey Decimal Classification |
| Koha item type | Books |
| Koha issues (borrowed), all copies | 47 |
| Withdrawn status | Lost status | Source of classification or shelving scheme | Damaged status | Not for loan | Home library | Current Library | Shelving location | Date acquired | Total checkouts | Total renewals | Full call number | Barcode | Date last seen | Date last checked out | Copy number | Price effective from | Koha item type |
|---|---|---|---|---|---|---|---|---|---|---|---|---|---|---|---|---|---|
| Dewey Decimal Classification | GRACE BIBLE COLLEGE | GRACE BIBLE COLLEGE | Ministry & Mission | 2017-10-04 | 11 | 2 | 268.432 BOL | 008557 | 2026-01-29 | 2026-01-21 | c.4 | 2017-10-04 | Books | ||||
| Dewey Decimal Classification | GRACE BIBLE COLLEGE | GRACE BIBLE COLLEGE | Ministry & Mission | 2017-10-04 | 16 | 268.432 BOL | 007714 | 2026-02-03 | 2026-02-02 | c.3 | 2017-10-04 | Books | |||||
| Dewey Decimal Classification | GRACE BIBLE COLLEGE | GRACE BIBLE COLLEGE | Ministry & Mission | 2017-10-04 | 16 | 3 | 268.432 BOL | 006545 | 2026-02-25 | 2026-02-19 | c.1 | 2017-10-04 | Books | ||||
| Dewey Decimal Classification | GRACE BIBLE COLLEGE | GRACE BIBLE COLLEGE | Ministry & Mission | 2017-10-04 | 17 | 2 | 268.432 BOL | 006546 | 2026-03-02 | 2026-02-19 | c.2 | 2017-10-04 | Books |